| 000 | 00351nam a2200145Ia 4500 | ||
|---|---|---|---|
| 008 | 230312s9999||||xx |||||||||||||| ||und|| | ||
| 020 | _a969-8546-1111 | ||
| 082 |
_a332 _bCAE |
||
| 245 | 0 | _aCA Exams Study Text | |
| 260 |
_bBPP Publishing _aNew Dehli _c2001 |
||
| 300 | _a415 | ||
| 546 | _aEng. | ||
| 650 |
_aEconomics _vEconomic Concepets |
||
| 942 | _cBK | ||
| 999 |
_c2627 _d2627 |
||